00454nam a22001697a 450000500170000001000140001702000230003102000260005403500130008003700130009308200080010610000220011424500380013626000400017427000490021430000210026320100809111034.0 aENG-99025 a8184241461c250.00 a9798184241463c250.00 aEN-82557 bDBAD/PUB a881 aMerchant, Hoshang aSufi tree /cby Hoshang Merchant  aNew DelhibAllied Publishers c2008 aA-104 Mayapuri Phase II, bNew Delhie110064 a29p.c20cm (pbK)